| 000 | 01632nam0a2200361 4500 | ||
|---|---|---|---|
| 001 | RU\NLR\bibl\1002598 | ||
| 005 | 20250810041200.0 | ||
| 010 | _a5-85383-351-0 | ||
| 021 |
_aRU _b2006-57556 _92848 |
||
| 035 | _a(NLR Aleph) 000990298 | ||
| 035 | _a(nilc)EL/0000080327 | ||
| 035 | _aRSL-KNO-002949087 | ||
| 090 |
_a514617 _c514617 |
||
| 100 | _a20060823d2006 u y0rusy50 ca | ||
| 101 | 0 | _arus | |
| 102 | _aRU | ||
| 105 | _aa ||||||||| | ||
| 200 | 1 |
_aСосновский феномен _eкнига о любви к малой родине, написанная жителями поселка Рощино _e[посвящена юбилею сосновской птицефабрики "РАВИС" _fред. кол.: П.А. Подгорнов и др.] |
|
| 210 |
_aЧелябинск _cИмидж-2 _d2006 |
||
| 215 |
_a176 с. _cил. _d27 |
||
| 601 | 0 | 2 |
_a"Равис-птицефабрика Сосновская", общество с ограниченной ответственностью _cЧелябинская область _92446061 _3RU\NLR\auth\661454777 |
| 686 |
_aУ9(2)325.253.12,0 _2rubbk |
||
| 686 | _aУ32(2)525.319.210.92(2Р-4Че) | ||
| 702 | 1 |
_aПодгорнов _bП. А. _4340 |
|
| 801 | 0 |
_aRU _bNLR _c20060823 _grcr |
|
| 801 | 1 |
_aRU _bNLR _c20060823 |
|
| 801 | 1 |
_aRU _bРГБ _c20060823 |
|
| 801 | 2 |
_aRU _bNLR _c20061030 _grcr |
|
| 942 | _cBOOK | ||
| 980 | _aNB | ||
| 980 | _aNBR | ||